Literal Translation of Country Names: Africa - Statistics

General Stats
  • This quiz has been taken 41 times
  • The average score is 29 of 51
Answer Stats
Hint Answer % Correct
Land of Ngola Angola
97%
Ivory coast Ivory Coast
97%
Land of the Niger river Nigeria
97%
Land of Tunis Tunisia
97%
Republic of Séchelles Seychelles
94%
Land of Tanganika and Zanzibar Tanzania
94%
Republic in the center of Africa Central African Republic
91%
Democratic republic of the mountains Democratic Republic of the Congo
91%
Kingdom of Swazis Eswatini
91%
Land of the Sotho Lesotho
91%
Green cape Cape Verde
88%
Black Bissau Guinea-Bissau
88%
Land of the Mauri Mauritania
88%
Land of Maurice van Nassau Mauritius
88%
Saint Thomas and Prince São Tomé and Príncipe
88%
Free country Liberia
82%
Land of Soma Somalia
82%
Land of black men on the Equator Equatorial Guinea
79%
Land of the Libu Libya
79%
Land of the Ganda people Uganda
79%
Land of the black men Guinea
70%
Lion mountains Sierra Leone
67%
Temple of the Soul of Ptah Egypt
58%
Land of the Red Sea Eritrea
58%
Southern country of the blacks South Sudan
58%
Country of the blacks Sudan
55%
Land of the large lake Chad
52%
Islands of the moon Comoros
52%
Kingdom of mountains Republic of the Congo
52%
Land of Musa Al Biq Mozambique
45%
Land of burnt faces Ethiopia
42%
The far west Morocco
39%
Land of honest men Burkina Faso
36%
River of prawns Cameroon
36%
Hippopotamus Mali
36%
Mountain of whiteness Kenya
33%
Stone enclosure Zimbabwe
33%
The islands Algeria
30%
The river Gambia
30%
The vast place Namibia
30%
River of rivers Niger
30%
Land by the water Togo
30%
Land of argument Benin
24%
Holy land Madagascar
24%
Land of flames Malawi
24%
Land of the great river Zambia
24%
Hooded cloak Gabon
21%
The king's land Ghana
21%
Our canoe Senegal
21%
The plateau Djibouti
15%
Those who went away Botswana
12%
No matching quizzes found
Score Distribution
Percent of People with Each Score
Percentile by Number Answered
Your Score History
You have not taken this quiz